Introducción al derecho /

Guardado en:
Autor Principal: Martín, Alejandro., (comp.)
Formato: Libro
Idioma:Spanish
Publicado: Bahía Blanca : Induvio, 2012.
Edición:1a. ed.
Materias:
Etiquetas: Agregar Etiqueta
Sin Etiquetas, Sea el primero en etiquetar este registro!
LEADER 00548nam a22001695a 4500
001 DER.der014614
008 201215s2012####ag############000#0#spa#d
005 20251002092003.0
245 1 0 |a Introducción al derecho /  |c Alejandro Martín. 
250 |a 1a. ed. 
260 |a Bahía Blanca :  |b Induvio,  |c 2012. 
300 |a 174 p. 
500 |a Guía Universitaria. Según programa de la Universidad del Sur /. 
020 |a 9789871519170 
100 1 |a Martín, Alejandro.,  |e comp. 
650 7 |a INTRODUCCION AL DERECHO 
859 |a DERECHO  |b BIB. DERECHO  |h 340.11  |i INT  |p 009915